Hype és Kereskedelem A Supreme hatása a streetwear iparra
| Szerző: | |
|---|---|
| További közreműködők: | |
| Dokumentumtípus: | Projektmunka |
| Kulcsszavak: | divat együttműködés kereskedelem marketingtevékenység online marketing |
| Online Access: | http://dolgozattar.uni-bge.hu/59815 |
MARC
| LEADER | 00000nnm a2200000 i 4500 | ||
|---|---|---|---|
| 001 | dolg59815 | ||
| 005 | 20260409145611.0 | ||
| 008 | 260409suuuu hu o 000 hun d | ||
| 040 | |a BGE Dolgozattár Repozitórium |b hun | ||
| 041 | |a hu | ||
| 100 | 1 | |a Szabadi Noel | |
| 245 | 1 | 0 | |a Hype és Kereskedelem |b A Supreme hatása a streetwear iparra |c Szabadi Noel |h [elektronikus dokumentum] |
| 516 | |a Project_work | ||
| 520 | 3 | |a Dolgozatomban a streetwear kultúra egyik legmeghatározóbb márkáját, a Supreme-et vizsgáltam meg, különös tekintettel annak piaci működésére, marketingstratégiájára és társadalmi hatására. Célom az volt, hogy bemutassam, hogyan vált egy kis, alternatív közösségből indult márka világszinten ismert és státuszszimbólummá vált branddé – mindezt klasszikus reklámkampányok nélkül, a limitáltság, az exkluzivitás és a kollaborációk stratégiájára építve.A szakirodalmi háttér mellett saját primer kutatást is végeztem, amelyben kérdőív segítségével térképeztem fel a fiatalok viszonyát a Supreme-hez, illetve a resell kultúrához. A válaszok alapján megállapítható, hogy a márka nem csupán divatcikkeket kínál, hanem identitást is közvetít, és erősen befolyásolja a vásárlási döntéseket a társadalmi megítélés és státusz iránti vágy.Elemzéseim során kitértem a Supreme versenytársaira, piaci pozíciójára, más márkákkal való együttműködéseire, illetve javaslatokat is megfogalmaztam arra, hogyan tarthatja meg hitelességét a gyorsan változó piaci környezetben. A dolgozat rávilágít arra, hogy a Supreme nemcsak a divatiparra, hanem a fogyasztói kultúrára is jelentős hatással van, és egyedi üzleti modellje a jövő márkái számára is tanulságos lehet. | |
| 695 | |a divat | ||
| 695 | |a együttműködés | ||
| 695 | |a kereskedelem | ||
| 695 | |a marketingtevékenység | ||
| 695 | |a online marketing | ||
| 700 | 1 | |a Békési Gábor György |e ths | |
| 856 | 4 | 0 | |u http://dolgozattar.uni-bge.hu/59815/1/Szakdolgozat_Szabadi%20Noel_Hype%20%C3%A9s%20Kereskedelem%20A%20Supreme%20hat%C3%A1sa%20a%20streetwear%20iparra.pdf |z Dokumentum-elérés |
| 856 | 4 | 0 | |u http://dolgozattar.uni-bge.hu/59815/2/Biralat_Szabadi%20Noel.pdf |z Dokumentum-elérés |